Pitching products for small business:How to successfully prepare your business , brand and products and sell to retail buyers. (Record no. 9471)
[ view plain ]
| 000 -LEADER | |
|---|---|
| fixed length control field | 00767nam a22001937a 4500 |
| 003 - CONTROL NUMBER IDENTIFIER | |
| control field | OSt |
| 005 - DATE AND TIME OF LATEST TRANSACTION | |
| control field | 20241112102741.0 |
| 008 - FIXED-LENGTH DATA ELEMENTS--GENERAL INFORMATION | |
| fixed length control field | 241112b |||||||| |||| 00| 0 eng d |
| 020 ## - INTERNATIONAL STANDARD BOOK NUMBER | |
| International Standard Book Number | 9781908003171 |
| 040 ## - CATALOGING SOURCE | |
| Transcribing agency | MUST |
| 082 ## - DEWEY DECIMAL CLASSIFICATION NUMBER | |
| Edition number | 658.5 RIG 2011 |
| 100 ## - MAIN ENTRY--PERSONAL NAME | |
| Personal name | Rigney Laura |
| 9 (RLIN) | 19314 |
| 245 ## - TITLE STATEMENT | |
| Title | Pitching products for small business:How to successfully prepare your business , brand and products and sell to retail buyers. |
| 300 ## - PHYSICAL DESCRIPTION | |
| Extent | xii,93p. ; 2011 |
| Other physical details | ill. |
| Dimensions | 20cm. |
| 440 ## - SERIES STATEMENT/ADDED ENTRY--TITLE | |
| Title | Pitching products for small business:How to successfully prepare your business , brand and products and sell to retail buyers. |
| 9 (RLIN) | 19315 |
| 600 ## - SUBJECT ADDED ENTRY--PERSONAL NAME | |
| Source of heading or term | How to successfully prepare your business , brand and products and sell to retail buyers. |
| 700 ## - ADDED ENTRY--PERSONAL NAME | |
| Relator code | Laura Rgney |
| 942 ## - ADDED ENTRY ELEMENTS (KOHA) | |
| Source of classification or shelving scheme | Dewey Decimal Classification |
| Koha item type | Book |
| Withdrawn status | Lost status | Source of classification or shelving scheme | Damaged status | Not for loan | Home library | Current library | Date acquired | Source of acquisition | Inventory number | Total Checkouts | Full call number | Barcode | Date last seen | Price effective from | Koha item type |
|---|---|---|---|---|---|---|---|---|---|---|---|---|---|---|---|
| Dewey Decimal Classification | MUST Main Library | MUST Main Library | 12/11/2024 | Donation | 14/37797 | 658.5 RIG 2011 | 2024-22549 | 12/11/2024 | 12/11/2024 | Book |
